00554 2200205 4500001002100000005001500021035002000036245006000056100002000116250001200136300003100148260003800179082001100217084001700228020002200245650001500267650001100282008004100293990001400334INLIS00000000000203820260423105441 a0010-04260000371 a6 Kunci Sukses Beternak Ayam Kampung /cMuhammad Rasyaf0 aMuhammad Rasyaf aCet III a68 hlm. :bilus. ;c23 cm. aJakarta :bPenebar Swadaya,c2016 a636.51 a636.51 MUH e a978-979-002-597-4 4aPeternakan 4aUnggas260423 0 ind  a202500633